000 00802nam a2200241 i 4500
001 133886
003 ES-MaACL
005 20230906194543.0
007 t|
008 070903s1977 sp ||||1| spa d
020 _a84-282-0310-5
080 _a551.56
080 _a581.9
100 1 _aWalter, Heinrich.
_9116008
245 1 0 _aZonas de vegetación y clima
_b: breve exposición desde el punto de vista causal y global /
_cHeinrich Walter ; traducido por Margarita Costa.
260 _aBarcelona :
_bOmega,
_c[1977]
300 _a254 p. :
_bil. ;
_c19 cm.
490 1 _aManuales flexibles de ciencias biológicas
700 1 _aCosta, Margarita.
_941069
830 0 _aManuales flexibles de ciencias biológicas
_9186730
852 _aES-MaACL
_jL-10899
_bR.112666
999 _c133886
_d133886